000 00657nam a2200229Ia 4500
003 OSt
005 20221005124630.0
006 a|||||r|||| 00| 0
007 ta
008 221004b |||||||| |||| 00| 0 eng d
024 _a63285
037 _cTextual
040 _aCRL
_cCRL
_beng
041 _2eng
_aeng
082 _aV233:5.M5, A.2
100 _aLangley Edward Archer
_9635551
245 0 _aNarrative of a residence at the court of Meer Ali Moorad ; wild sports in the valley of the Indus. V 2.
260 _c1870
650 _aHISTORY
942 _hV233:5.M5, A.2
_cTEXL
_2cc
999 _c1051082
_d1051082